名前に「高」がつく駅 - Statistics

General Stats
  • This quiz has been taken 51 times
  • The average score is 100 of 212
Answer Stats
Hint Answer % Correct
庄原市
100%
上越市 | 大和高田市 | 横浜市 | +3 others 高田
97%
岡山市 高島
94%
高崎市 高崎
91%
高岡市 高岡
91%
杉並区 高円寺
89%
津山市 | 足立区 高野
89%
八王子市 | 本巣市 高尾
89%
かほく市 | 立川市 | 高松市 高松
89%
高岡市 新高岡
89%
高山市 高山
89%
江別市 | 高砂市 高砂
86%
出雲市 | 松山市 | 石岡市 高浜
86%
八王子市 高尾山口
86%
高石市 高石
86%
新宿区 高田馬場
83%
杉並区 東高円寺
83%
板橋区 高島平
83%
高槻市 高槻
83%
高槻市 高槻市
83%
高崎市 高崎問屋町
80%
高原町 高原
80%
杉並区 新高円寺
77%
板橋区 西高島平
77%
大和高田市 大和高田
77%
高知市 高知
77%
高畠町 高畠
74%
高崎市 北高崎
74%
高崎市 南高崎
74%
横浜市 新高島
74%
高野町 高野山
74%
高森町 高森
74%
高萩市 高萩
71%
板橋区 新高島平
71%
川崎市 | 綾部市 高津
71%
名古屋市 大高
71%
高松市 高松築港
71%
杉戸町 杉戸高野台
69%
港区 高輪ゲートウェイ
69%
練馬区 練馬高野台
66%
妙高市 妙高高原
66%
高岡市 西高岡
66%
名古屋市 南大高
66%
名古屋市 高畑
66%
高梁市 備中高梁
66%
武雄市 高橋
66%
高鍋町 高鍋
66%
春日井市 高蔵寺
63%
高浜市 三河高浜
63%
高島市 近江高島
63%
大分市 高城
63%
港区 白金高輪
60%
港区 高輪台
60%
松島町 高城町
57%
南会津町 会津高原尾瀬口
57%
世田谷区 下高井戸
57%
日野市 高幡不動
57%
名寄市 名寄高校
54%
南相馬市 小高
54%
東松山市 高坂
54%
日高市 高麗
54%
上越市 上越妙高
54%
東大阪市 | 柏原市 高井田
54%
三豊市 | 山形市 高瀬
51%
日高市 高麗川
51%
杉並区 高井戸
51%
上越市 南高田
51%
長浜市 高月
51%
大和高田市 高田市
51%
栗原市 くりこま高原
49%
葛飾区 京成高砂
49%
鎌倉市 鎌倉高校前
49%
高浜町 若狭高浜
49%
東海市 高横須賀
49%
高知市 高知駅前
49%
都城市 東高崎
49%
日高市 武蔵高萩
46%
船橋市 高根公団
46%
柏市 高柳
46%
高岡市 高岡駅
46%
伊東市 伊豆高原
46%
名古屋市 高岳
46%
豊橋市 高師
46%
高浜市 高浜港
46%
東大阪市 高井田中央
46%
奈良市 高の原
46%
府中市 高木
46%
西和賀町 ゆだ高原
43%
会津美里町 会津高田
43%
みなかみ町 上毛高原
43%
船橋市 高根木戸
43%
横浜市 高島町
43%
大和市 高座渋谷
43%
高岡市 高岡やぶなみ
43%
彦根市 | 福岡市 高宮
43%
神戸市 高速神戸
43%
戸沢村 高屋
40%
日光市 新高徳
40%
浜松市 高塚
40%
神戸市 高速長田
40%
橋本市 高野口
40%
九度山町 高野下
40%
広島市 | 高知市 高須
40%
高知市 高知商業前
40%
糸島市 糸島高校前
40%
寒河江市 羽前高松
37%
天童市 高擶
37%
高崎市 高崎商科大学前
37%
安曇野市 穂高
37%
東広島市 西高屋
37%
八幡平市 安比高原
34%
千曲市 屋代高校前
34%
麻績村 聖高原
34%
津市 高茶屋
34%
岡山市 備中高松
34%
久留米市 久留米高校前
34%
みやま市 瀬高
34%
八戸市 北高岩
31%
南会津町 田島高校前
31%
日光市 男鹿高原
31%
芳賀町 芳賀・高根沢工業団地
31%
岐阜市 高田橋
31%
津市 高田本山
31%
福知山市 大江高校前
31%
八尾市 高安
31%
松原市 高見ノ里
31%
高石市 高師浜
31%
境港市 高松町
31%
八頭町 八頭高校前
31%
高松市 古高松南
31%
高松市 古高松
31%
都城市 高崎新田
31%
那須町 高久
29%
身延町 波高島
29%
松本市 島高松
29%
名古屋市 西高蔵
29%
串間市 福島高松
29%
鹿児島市 高見馬場
29%
弘前市 聖愛中高前
26%
弘前市 弘高下
26%
一戸町 奥中山高原
26%
山形市 面白山高原
26%
ひたちなか市 高田の鉄橋
26%
佐世保市 | 佐久穂町 高岩
26%
愛西市 渕高
26%
大阪市 井高野
26%
八尾市 高安山
26%
羽曳野市 高鷲
26%
広島市 高取
26%
高知市 高知城前
26%
高知市 高知橋
26%
薩摩川内市 薩摩高城
26%
福井市 仁愛女子高校
23%
郡上市 白鳥高原
23%
みやま市 南瀬高
23%
弘前市 弘前東高前
20%
弘前市 義塾高校前
20%
平川市 尾上高校前
20%
仙台市 陸前高砂
20%
筑西市 下館二高前
20%
市原市 高滝
20%
養老町 美濃高田
20%
津市 川合高岡
20%
八代市 肥後高田
20%
南阿蘇村 南阿蘇水の生まれる里白水高原
20%
富山市 龍谷富山高校前
17%
南砺市 高儀
17%
井原市 子守唄の里高屋
17%
広島市 東高須
17%
広島市 修大協創中高前
17%
岩国市 周防高森
17%
周南市 高水
17%
中間市 希望が丘高校前
17%
鹿児島市 高見橋
17%
出水市 高尾野
17%
平川市 柏農高校前
14%
宇都宮市 清陵高校前
14%
飯島町 高遠原
14%
揖斐川町 高科
14%
大阪市 関目高殿
14%
姫路市 播磨高岡
14%
高知市 西高須
14%
諫早市 諫早東高校
14%
伊達市 高子
11%
福井市 越前高田
11%
堺市 高須神社
11%
松山市 高砂町
11%
宇和島市 高光
11%
伊予市 高野川
11%
佐々町 清峰高校前
11%
四日市市 高角
9%
松江市 高ノ宮
9%
合志市 熊本高専前
9%
熊本市 商業高校前
6%
No matching quizzes found
Score Distribution
Percent of People with Each Score
Percentile by Number Answered
Your Score History
You have not taken this quiz